| 000 | 00332nam a2200133Ia 4500 | ||
|---|---|---|---|
| 005 | 20260326100048.0 | ||
| 008 | 260326s9999||||xx |||||||||||||| ||und|| | ||
| 100 | _aDe Oliveira, Olivia | ||
| 245 | 0 |
_aLina Bo Bardi : _b Obra Construida / _cOlivia De Oliveira |
|
| 260 | _b2G | ||
| 300 | _a255 p. | ||
| 650 | _aARQUITECTOS | ||
| 942 | _cBK | ||
| 999 |
_c7268 _d7268 |
||